| 000 | 00890nam a2200277 i 4500 | ||
|---|---|---|---|
| 001 | 17126 | ||
| 003 | ES-MaACL | ||
| 005 | 20230906151517.0 | ||
| 007 | t| | ||
| 008 | 001222s1980 sp ||||1| spa d | ||
| 020 | _a84-339-1420-0 | ||
| 080 | _a362.2(73) | ||
| 080 | _a616.89(73) | ||
| 100 | 1 |
_aCastel, François. _936469 |
|
| 245 | 1 | 3 |
_aLa sociedad psiquiátrica avanzada _b: el modelo norteamericano / _cFrançois Castel, Robert Castel, Anne Lovell. |
| 260 |
_aBarcelona : _bAnagrama, _c[1980] |
||
| 300 |
_a301 p. ; _c23 cm. |
||
| 490 | 1 |
_aElementos críticos ; _v20 |
|
| 650 | 1 | 4 |
_aPsiquiatría- _zEstados Unidos. _916591 |
| 650 | 1 | 4 |
_aServicios de salud mental- _zEstados Unidos. _917066 |
| 700 | 1 |
_aCastel, Robert. _936470 |
|
| 700 | 1 |
_aLovell, Anne. _974356 |
|
| 830 | 0 |
_aElementos críticos ; _v20 _9180219 |
|
| 852 |
_aES-MaACL _jL-23930 _bR.129072 |
||
| 999 |
_c17126 _d17126 |
||